000 00214 a2200097 4500
001 7740
100 _aFeinberg, R
245 _aHandbook of electronic circuits
260 _a
_bChapman Hall
_c
090 _c6197
_d6197
942 _aNUST-CAE
_cM
_c32708
999 _c242813
_d242813